000 01547nam0a2200373 4500
001 rc\2936443
005 20260408081456.0
035 _a(NLR Aleph) 007085546
090 _a6520813
_c6520813
100 _a20110822d1939 |||y0rusy50 ca
101 0 _arus
102 _aRU
105 _ay ac 000yy
181 0 _ai4
_baxxe
182 0 _an
200 1 _aXX лет III Коммунистического интернационала, 1919-1939
_eКраткий указатель лит.
_fНауч.-исслед. ин-т библиотековедения и рек. библиографии
203 _aТекст
_bвизуальный
_cнепосредственный
210 _aМосква
_cБ. и.
_d1939
215 _a1 л. слож. в 6 с. Без обл.
_d21
300 _aАвтор указан на 6-й с.
601 0 2 _aКоммунистический интернационал
_jБиблиография
_91187020
_3RU\NLR\AUTH\66478513
686 3 _aФ61(0)612я1
686 3 _aТ3(0)61-401я1
700 1 _aИтин
_bВ. С.
_gВиктор Семенович
711 0 2 _aКоминтерн
_3RU\NLR\AUTH\8820630
_9314886
712 0 2 _4220
_aНИИ библиотековедения и рекомендательной библиографии
_cМосква
_3RU\NLR\AUTH\8810123962
_9745572
801 0 _aRU
_bNLR
_gpsbo
801 1 _aRU
_bELAR
_2rusmarc
852 _aNLR
_j39-10/381
942 _cBOOK
980 _aNB